| 000 | 00588nam a2200193 a 4500 | ||
|---|---|---|---|
| 003 | PILC | ||
| 005 | 20160201143659.0 | ||
| 008 | 110110s19uu xx 00 eng d | ||
| 020 | _a9780495810933 | ||
| 050 |
_aBF 121 _b.K26 2011 |
||
| 100 | _aKalat, James W. | ||
| 245 |
_aIntroduction to psychology / _cJames W. Kalat. |
||
| 260 |
_aAustralia : _bCengage Learning, _c2011. |
||
| 300 |
_a635 pages : _bcolor illustrations ; _c26 cm. |
||
| 500 | _aIncludes bibliographical references, index and glossary. | ||
| 650 | _aPsychology-Textbooks. | ||
| 942 |
_cBK _2lcc _kFOR |
||
| 999 |
_c24252 _d24252 |
||